Determinanty zlyhania firiem bakalárska práca

Guardado en:
Detalles Bibliográficos
Autor principal: Horňák, Samuel
Autor Corporativo: Národohospodárska fakulta EU. Katedra financií
Otros Autores: Káčer, Marek, 1976-
Formato: Libro
Lenguaje:eslovaco
Publicado: Bratislava 2018
Etiquetas: Agregar Etiqueta
Sin Etiquetas, Sea el primero en etiquetar este registro!

MARC

LEADER 00000nbm a2200000 4500
001 0245951
005 20181213130514.2
041 0 |a slo 
044 |a SK 
245 1 0 |a Determinanty zlyhania firiem  |b bakalárska práca  |c Samuel Horňák ; školiteľ: Marek Káčer 
264 1 |a Bratislava  |c 2018 
300 |a 60 s. 
100 1 |a Horňák, Samuel 
700 1 |a Káčer, Marek, 1976- 
710 2 |a Národohospodárska fakulta EU. Katedra financií